|
|
|
|
| LEADER |
00000cam a2200000 a 4500 |
| 001 |
vtls001100200 |
| 003 |
SK-MaSNL |
| 005 |
20260301062503.0 |
| 008 |
250313s1980 xo f 100 0 slo |
| 015 |
|
|
|a SNBA1981
|
| 035 |
|
|
|a SNK000043042
|
| 035 |
|
|
|a urn:nbn:sk:snk-amkpn5
|
| 035 |
|
|
|a urn:nbn:sk:snk-am005f66
|
| 035 |
|
|
|a 8AA0E2F5-2385-4D8D-9AB1-48A2B73E9617
|
| 040 |
|
|
|a SNK
|b slo
|c SNK
|e AACR2
|
| 041 |
0 |
|
|a slo
|
| 044 |
|
|
|a xo
|c SK
|
| 080 |
|
|
|a 82:061.3:82.001
|2 1981
|
| 080 |
|
|
|a 061.3
|2 1981
|
| 080 |
|
|
|a 82.001
|2 1981
|
| 080 |
|
|
|a 82
|2 1981
|
| 080 |
|
|
|a 069
|2 1981
|
| 080 |
|
|
|a 82(091)
|2 1981
|
| 245 |
0 |
0 |
|a Literárna a literárnomúzejná tradícia
|b Zborník prác z 5. konferencie o literárnom vzdelaní (problémy literárnej tradície) v Dolnom Kubíne 1978
|c [vedecký redaktor: Anton Popovič]
|
| 250 |
|
|
|a 1. vyd.
|
| 260 |
|
|
|a Dolný Kubín
|b Oravské múzeum
|a Nitra
|b Pedagogická fakulta, Kabinet literárnej komunikácie a experimentálnej metodiky
|c 1980
|
| 300 |
|
|
|a 383 s.
|c 21 cm
|
| 366 |
|
|
|e 700 výt.
|
| 504 |
|
|
|a Bibliogr.
|
| 650 |
0 |
7 |
|a literárna komunikácia
|2 SNKPH
|9 71537
|
| 650 |
0 |
7 |
|a literárne múzejníctvo
|2 SNKPH
|9 286310
|
| 655 |
|
7 |
|a zborníky konferencií
|2 SNKPH
|9 70153
|
| 700 |
1 |
|
|a Popovič, Anton,
|d 1933-1984
|4 com
|4 red
|9 105167
|
| 852 |
|
|
|a Slovenská národná knižnica
|
| 958 |
|
|
|a OND
|
| 999 |
|
|
|c 620843
|d 622773
|
| 952 |
|
|
|t P60, <04>, [BOOK], {604}
|a SNK
|b SNK
|y VYP
|7 0
|p 17A0268437
|o snkSC 49090 D1
|0 0
|1 0
|4 0
|d 2001-02-23
|f 1
|l 0
|r 2004-12-31 00:00:00
|w 2026-02-23
|
| 952 |
|
|
|a SNK
|b SNK
|y PREZ
|7 0
|p 17A0826216
|o snkSC 49090
|0 0
|1 0
|4 0
|d 2012-08-01
|l 0
|r 2025-10-31 00:00:00
|w 2026-02-23
|